| 000 | 01968nam a2200301 i 4500 | ||
|---|---|---|---|
| 003 | DO-SdBNP | ||
| 005 | 20240312144030.0 | ||
| 007 | ta | ||
| 008 | 240312s2001 dr a 000 0 spa d | ||
| 020 | _a848261424X | ||
| 040 |
_aDO-SdBNP _bspa _cBNPHU _erda |
||
| 082 |
_a372.632 _bI37 _222 |
||
| 100 |
_aIncháustegui, María Isabel _929568 |
||
| 245 | 1 | 0 |
_aOrtografía 3 : _beducación básica / _cMaría Isabel Incháustegui ; dirección editorial Obdulia García de Escobar ; ilustración Ruddy Núñez. |
| 264 | 1 |
_aSanto Domingo ; _bSantillana, _c2001. |
|
| 300 |
_a55 páginas _bilustraciones _c28 cm. |
||
| 336 |
_2rdacontent _atexto _btxt |
||
| 337 |
_2rdamedia _asin mediación _bn |
||
| 338 |
_2rdacarrier _avolumen _bnc |
||
| 490 | 1 | _aUmbral | |
| 500 | _aEducación básica. | ||
| 505 | 0 |
_gunidad 1 -- _tVamos a sembrar -- _tPalabras con br -- _gunidad 2 -- _tCuidemos nuestra salud -- _tPalabras con ca, co, cu -- _gunidad 3 -- _tNecesito Trabajar -- _tPalabras con cr -- _gunidad 4 -- _tEn la ciudad -- _tPalabras con bl - _gunidad 5 -- _tEn el parque -- _tPalabras con gr -- _gunidad 6 -- _tCómo se fabrican -- _tPalabras con dr -- _gunidad 7 -- _tDe fruta a mermelada -- _tPalabras con pr -- _gunidad 8 -- _tViaje por el universo -- _tPalabras con x -- _gunidad 9 -- _tHabitantes del planeta -- _tEl alfabeto -- _gunidad 10 -- _t¿Quiénes somos? -- _tMinúsculas y mayúsculas -- _gunidad 11 -- _tTe invito a mi fiesta -- _tLa sílaba con nv y nf -- _gunidad 12 -- _tEl mundo animal -- _tLa sílaba tónica -- _gunidad 13 -- _tCosas que pasan -- _tPalabras con gue, güe y güi -- _gunidad 14 -- _tA preparar recetas -- _tLa r y la rr -- _gunidad 15 -- _tTrabajan para nosotros -- _tEl punto -- _gunidad 16 -- _tAmigos de juegos -- _tLa coma -- _gunidad 17 -- _tProyectos escolares -- _tLos dos puntos / |
|
| 590 | _aInventariado, 2024/ YL | ||
| 700 | 1 |
_aGarcía Escobar, Obdulia de _edirección _929220 |
|
| 700 | 1 |
_aNúñez, Ruddy _eilustración _923171 |
|
| 910 | _aYLockward | ||
| 942 |
_2ddc _cLF2 |
||
| 999 |
_c56085 _d56085 |
||